00570nam a22001457a 450000500170000002000180001708200200003510000350005524501250009026000500021530000130026594200120027899900190029095201150030920260625124647.0 a9781009462693 a327.730 51 HE/A aHe,Kai and Feng ,Huiyun916751 aAfter hedging:bhard choices for the Indo pacific states between the United States and China/cby Kai He and Huiyun Feng a. - Uk b: Cambridge University Pressc, 2023 a62 pages 2ddccBK c761060d761060 00102ddc4070aPOLbPOLcREFd2026-02-03l0o327.730 51 HE/ApPOL23895r2026-06-25 12:48:51w2026-06-25yREF